000 00473nam a2200133Ia 4500
005 20260209120136.0
008 260209s9999||||xx |||||||||||||| ||und||
100 _aPayal Kumari
245 0 _aStock exchange and its role in the development of the economy
260 _aBangaloreBangalore
_bNLSIU
_c2015
300 _a98 p. ; 25 cm.
700 _aProf. M P Padmanabha Pillai - GuideProf. M P Padmanabha Pillai - Guide
856 _uhttps://dans.nls.ac.in/handle/123456789/1688
999 _c217239
_d217239